000 00976nas a2200313 4500
001 BR0802409
003 BR-BrBNA
005 20231205111953.0
007 ta
008 230509b bl.|||p| |||| 00| 00por d
040 _aBR-BrBNA
_bpor
_cBiblioteca Nacional de Agricultura
041 _a(Pt)
072 _aQ03
100 1 _aMarques, S.C.
100 1 _aBoari, C.A.
100 1 _aBrcko, C.C.
100 1 _aNascimento, A.R.
100 1 _aPiccoli, R.H.
245 1 _aAvaliação higiênico-sanitária de linguiças tipo frescal comercializadas nos municípios de Três Corações e Lavras -MG
650 _aLINGUIÇA
650 _aHIGIENE DE ALIMENTO
650 _aMICROBIOLOGIA
650 _aCONTAMINAÇÃO
650 _aCONTROLE DE QUALIDADE
650 _aMINAS GERAIS
773 0 _tCiência e Agrotecnologia (Brazil)
_xISSN 1413-7054
_g(Nov-Dec 2006), v. 30(6) p. 1120-1123
_wBR0802409
909 _a202311
_bLúcia
_c55
_dLúcia Elande
942 _2AGRIS
_n0
_cANA
999 _c195397
_d195397